书目信息 |
| 题名: |
混凝土结构设计原理
|
|
| 作者: | 张季超 , 李汝庚 编著 | |
| 分册: | ||
| 出版信息: | 北京 中国环境科学出版社 2003.10 |
|
| 页数: | 349页 | |
| 开本: | 24cm | |
| 丛书名: | 21世纪高等教育土木工程专业系列教材 | |
| 单 册: | ||
| 中图分类: | TU370.4 | |
| 科图分类: | ||
| 主题词: | 混凝土结构--结构设计--高等学校--教材 | |
| 电子资源: | ||
| ISBN: | 7-80163-725-9 | |
| 000 | 01072nam 2200277 450 | |
| 001 | 0120046111 | |
| 005 | 20050916103802.87 | |
| 010 | @a7-80163-725-9@dCNY36.00 | |
| 100 | @a20031210d2003 kmey0chiy0121 ea | |
| 101 | 0 | @achi |
| 102 | @aCN@b110000 | |
| 105 | @aa a 000yy | |
| 200 | 1 | @a混凝土结构设计原理@Ahun ning tu jie gou she ji yuan li@f张季超, 李汝庚编著@Fzhang ji chao,li ru geng bian zhu |
| 210 | @a北京@c中国环境科学出版社@d2003.10 | |
| 215 | @a349页@c图@d24cm | |
| 225 | 2 | @a21世纪高等教育土木工程专业系列教材 |
| 320 | @a有书目 (第349页)。 | |
| 330 | @a本书是根据新实施的《混凝土结构设计规范》(GB50010-2002)编写的,主要内容包括:绪论,混凝土结构材料的物理力学性能,混凝土结构的基本设计等。 | |
| 333 | @a大专院校土木工程专业的学生,广大土建工程设计人员和施工技术人员。 | |
| 410 | 0 | @12001 @a21世纪高等教育土木工程专业系列教材 |
| 606 | 0 | @a混凝土结构@x结构设计@x高等学校@x教材 |
| 690 | @aTU370.4@v4 | |
| 701 | 0 | @a张季超@Azhang ji chao@4编著 |
| 701 | 0 | @a李汝庚@Ali ru geng@4编著 |
| 801 | 0 | @aCN@bQSSK@c20050916 |
| 905 | @a10447@dTU370.4@eZ120 | |
| 混凝土结构设计原理/张季超, 李汝庚编著.-北京:中国环境科学出版社,2003.10 |
| 349页:图;24cm.-(21世纪高等教育土木工程专业系列教材) |
| 使用对象:大专院校土木工程专业的学生,广大土建工程设计人员和施工技术人员。 |
| ISBN 7-80163-725-9:CNY36.00 |
| 本书是根据新实施的《混凝土结构设计规范》(GB50010-2002)编写的,主要内容包括:绪论,混凝土结构材料的物理力学性能,混凝土结构的基本设计等。 |
| ● |
| 相关链接 |
|
|
|
正题名:混凝土结构设计原理
索取号:TU370.4/Z120
 
预约/预借
| 序号 | 登录号 | 条形码 | 馆藏地/架位号 | 状态 | 备注 |
| 1 | 570779 | 205707797 | 建筑库101/101建筑库 87排2列4层/ [索取号:TU370.4/Z120] | 在馆 | |
| 2 | 570780 | 205707804 | 建筑库101/101建筑库 87排2列4层/ [索取号:TU370.4/Z120] | 在馆 | |
| 3 | 570781 | 205707813 | 建筑库101/101建筑库 87排2列4层/ [索取号:TU370.4/Z120] | 在馆 |